000 01464nam a22003017a 4500
001 718
005 20230703150524.0
008 230703b cb ||||| |||| 00| 0 eng d
020 _a9780531205839 (hardcover)
020 _a9780531212462 (softcover)
040 _aDLC
_cDLC
_dDLC
_beng
050 0 0 _aF596
_b.D66 2010
082 0 0 _a978
_2229
100 1 _aDomnauer, Teresa.
245 1 0 _aLife in the West /
_cby Teresa Domnauer.
260 _aNew York :
_bScholastic,
_c2010.
300 _a48 pages :
_billustrations (some color) ;
_c22 cm.
490 0 _aA true book
505 _aX
520 _aA True Book: Westward Expansion takes readers on an amazing journey to a fascinating time in U.S. history when the country was experiencing dynamic change and expanding westward. This book provides the keys to discovering the important people, places and events that helped shape the western United States. An age appropriate (grades 3-5) introduction to curriculum-relevant subjects and a robust resource section that encourages independent study is included.
521 _a890
_bLexile
521 _aX
_bRaz-Plus
650 0 _aFrontier and pioneer life
_zWest (U.S.)
_vJuvenile literature.
650 0 _aPioneers
_zWest (U.S.)
_xHistory
_y19th century
_vJuvenile literature.
650 0 _aPioneers
_zWest (U.S.)
_xSocial life and customs
_y19th century
_vJuvenile literature.
906 _a7
_bcbc
_corignew
_d1
_eecip
_f20
_gy-gencatlg
942 _2ddc
_cBK
_n0
999 _c718
_d718